O Processo de Planeamento de Recursos Humanos no Dsenvolvimento das Organizações - (Record no. 2249)
[ view plain ]
| 000 -Etiqueta do registo | |
|---|---|
| Campo de controlo de comprimento fixo | 00713 a2200205 4500 |
| 020 ## - ISBN (NÚMERO DE LIVRO PADRÃO INTERNACIONAL) | |
| ISBN | S/N |
| 040 ## - Fonte de Catalogação | |
| Agência de catalogação | Biblioteca de Posgraduação- Universidade Lusíada de Angola |
| 082 ## - DEWEY DECIMAL CLASSIFICATION NUMBER | |
| Classificador- CDU | 043.2 658/ARS/P |
| Prateleira/Colocação | 3 |
| 100 ## - Nome Pessoal | |
| 9 (RLIN) | 1072 |
| Autor | ARSÉNIO, Domingos Adão |
| 245 ## - Declaração de Título | |
| Título | O Processo de Planeamento de Recursos Humanos no Dsenvolvimento das Organizações - |
| Complemento de título | Estudo de Caso: Hospital Geral Especializado do Kilamba Kiaxi - Luanda |
| 246 ## - Variantes do título | |
| Título proposto/título curto | Dicertação para obtenção do Título Académico de Mestre em Gestão de Recursos Humanos |
| 250 ## - Indicação da edição | |
| Edição | S/N |
| 260 ## - Publicação e Destribuíção | |
| Local de edição/distribuição | Luanda |
| Editor/distribuidor | S/Edit |
| Data de edição/distribuição | 2018 |
| 300 ## - Descrição Física | |
| Nº Pág. | 101p. |
| 600 #0 - Nome pessoal | |
| Autor | ARSÉNIO, Domingos Adão |
| 650 ## - MATERIA | |
| MATERIA | Gestão de Recursos Humanos |
| 700 ## - Entrada secundária - Nome pessoal | |
| Autor | Domingos Adão Arsénio |
| 942 ## - - Elementos de entrada adicionados (koha) | |
| Tipo de documento | Dissertações de Grado e Mestrado |
| Withdrawn status | Lost status | Source of classification or shelving scheme | Damaged status | Not for loan | Permanent Location | Current Location | Date acquired | Total Checkouts | Full call number | Date last seen | Price effective from | Koha item type |
|---|---|---|---|---|---|---|---|---|---|---|---|---|
| Dewey Decimal Classification | Biblioteca de Posgraduação- Universidade Lusíada de Angola | Biblioteca de Posgraduação- Universidade Lusíada de Angola | 24/04/2026 | 043.2 658/ARS/P | 24/04/2026 | 24/04/2026 | Dissertações de Grado e Mestrado |
